000 00337nam a22001337a 4500
008 250604b |||||||| |||| 00| 0 eng d
020 _a9780567666
050 _aSF 502
_b.E 34
245 _aEffective strategies for egg management
260 _aNigeria
_bSophia academics
_c2002
300 _a59p
650 _aEgg marketing
942 _cBK
999 _c3775
_d3775